000 01040nam a22002777a 4500
005 20110331170749.0
008 110331t xxu||||| |||| 00| 0 eng d
010 _aENG-102208
020 _c345.00
_a9788125939924
035 _aEN-85741
037 _bDBAD/PUB
040 _adpl
_bEng
082 _a620.00151
100 1 _926630
_aBhui, Bikas Chandra
245 1 0 _aEngineering mathematics /
_cby Bikas Chandra Bhui [and] D. Chatterjee
250 _a2nd ed
260 _aNoida
_bVikas Publishing House
_c2010
270 _aA-22, Sector-4
_bNoida
_e201301
300 _aV.3B(832p.)
_c22cm (pbk)
490 _aVikas- WBUT students' series
_926903
650 0 _926631
700 _926636
_aChatterjee, D.
942 _2ddc
_cEN
_mBHU
_h620.00151
999 _c51354
_d51354